RICS agenda 2000-2001 (Record no. 100983)

MARC details
000 -LEADER
fixed length control field 00687cam a2200205 4500
001 - CONTROL NUMBER
control field J109787
008 - FIXED-LENGTH DATA ELEMENTS--GENERAL INFORMATION
fixed length control field 000000n2000 000 0 eng u
035 ## - SYSTEM CONTROL NUMBER
System control number (Sirsi) u109787
050 ## - LIBRARY OF CONGRESS CALL NUMBER
Classification number 333.0062
110 ## - MAIN ENTRY--CORPORATE NAME
Corporate name or jurisdiction name as entry element Royal Institution of Chartered Surveyors
9 (RLIN) 4900
245 ## - TITLE STATEMENT
Title RICS agenda 2000-2001
260 ## - PUBLICATION, DISTRIBUTION, ETC.
Place of publication, distribution, etc. London
Name of publisher, distributor, etc. RICS
Date of publication, distribution, etc. 2000
300 ## - PHYSICAL DESCRIPTION
Extent 1 folded sheet. ; 30cm.
520 ## - SUMMARY, ETC.
Summary, etc. A progress report of the RICS Agenda for Change sent to all members July 2000. Includes key events and activities for July 2000 to June 2001 and milestones from January to June 2000.
650 ## - SUBJECT ADDED ENTRY--TOPICAL TERM
Topical term or geographic name entry element AGENDA FOR CHANGE
650 ## - SUBJECT ADDED ENTRY--TOPICAL TERM
Topical term or geographic name entry element RICS
650 ## - SUBJECT ADDED ENTRY--TOPICAL TERM
Topical term or geographic name entry element SURVEYING
690 ## - LOCAL SUBJECT ADDED ENTRY--TOPICAL TERM (OCLC, RLIN)
Topical term or geographic name as entry element RICS NEWS
942 ## - ADDED ENTRY ELEMENTS (KOHA)
Suppress in OPAC 0
Holdings
Withdrawn status Lost status Source of classification or shelving scheme Damaged status Not for loan Home library Current library Shelving location Date acquired Total Checkouts Full call number Barcode Date last seen Copy number Price effective from Koha item type Date last checked out
    Dewey Decimal Classification     London London RICS Boxes 06/12/2000   RICS 2000/67 30063000 06/08/2019 1 06/08/2019 Archive  
    Dewey Decimal Classification     London London RICS Boxes 06/12/2000   RICS 2000/67 30063001 06/08/2019 2 06/08/2019 Reference material  
    Dewey Decimal Classification     London London RICS Boxes 06/12/2000 4 RICS 2000/67 30063002 06/08/2019 3 06/08/2019 Book 01/11/2001